00566pab a2200169 454500008004000000100001900040245005100059260000900110300001200119362001200131650003600143650002800179773005600207909001000263999001700273952010600290180718b1997 xxu||||| |||| 00| 0 eng d aSharma, Anupam aCoalition government and political instability c1997 ap.74-80 aJan-Dec aIndia - Politics and government aPolitics and government aJournal of Constitutional and Parliamentary Studies a42630 c42630d42630 00104070aIIPAbIIPAd2018-07-19hVolume no: 31, Issue no: 1-4pAR43015r2018-07-19w2018-07-19yAR